| 000 | 00486 a2200205 4500 | ||
|---|---|---|---|
| 001 | 131981 | ||
| 020 | _a85-322-0003-6 | ||
| 040 | _cLeonardo Da Vinci | ||
| 041 | _aPortuguês | ||
| 082 |
_a840 M532c _bM532c |
||
| 100 | _aMÉRIMÉE, Prosper | ||
| 245 | _aCarmen | ||
| 260 |
_bFTD _c1992 _aSão Paulo |
||
| 300 | _a93 | ||
| 362 | _a19920000 | ||
| 490 | _aSelo negro | ||
| 500 | _aFrancisco Balthar Peixoto (Tradução) | ||
| 697 |
_aLiteratura _aRomance _aFrança |
||
| 942 | _cBK | ||
| 999 |
_c131981 _d131981 |
||